000
00220nam a2200097Ia 4500
008
170619s9999 xx 000 0 und d
100
_a
VERMA- KUMAR K
245
0
_a
DATA STRUCTURES USING C
260
_b
A B PUB.
260
_c
2008
546
_a
ENGLISH
999
_c
18574
_d
18574